Statistiques concernant Culture Générale - Série 1435

Cliquez ici pour prendre le quiz!

Statistiques générales

  • Ce quiz a été pris 123 fois
  • Le résultat moyen est 8 sur 10

Statistiques - réponses

QuestionRéponse% Correct
Quel insecte peut transmettre le paludisme ?moustique
99%
Quelle partie du visage peut être "en trompette", "en patate" ou "grec" ?nez
99%
Quelle ville américaine est formée, entre autres, par les districts du Bronx et de Staten Island ?New York
95%
Dans quel pays européen se trouvent les villes portuaires de Bristol et de Douvres ?Royaume-Uni
92%
Quel écrivain français a inspiré le mot "sadisme" ?Sade
86%
Dans quel sport peut-on "putter" ?golf
86%
Dans quel pays se trouve-t-on lorsqu'on se prélasse sur les plages de la station balnéaire d'Antalya ?Turquie
79%
Dans quel pays se trouve la ville de Khartoum ?Soudan
75%
Depuis 1837, quel palais est la résidence londonienne officielle de la monarchie britannique ?Buckingham Palace
58%
A quel chanteur britannique doit-on les tubes des années 80 : "Ashes to Ashes" et "Fashion" ?David Bowie
44%

Distribution des résultats

Percentile par nombre de réponses

% des personnes avec chaque résultat

Votre développement - résultats

Vous n’avez pas pris ce quiz